| 000 | 01341cam a2200241 4500 | ||
|---|---|---|---|
| 001 | WB3942-20 | ||
| 008 | 031106n2003 000 0 eng u | ||
| 035 | _a(Sirsi) u124256 | ||
| 245 | _aRight to roam restrictions regime released | ||
| 260 | _c2003 | ||
| 490 |
_aDEFRA News Release _v(439/03) 24 October 2003 (2) |
||
| 520 | _aRegulations have been laid before parliament outlining how restrictions and exclusions of access will operate in respect of the new right of access to England's countryside coming into force under the powers of the Countryside and Rights of Way Act 2000. The new right will be introduced on a region-by-region basis with the first two regions due to open in late summer 2004. The regulations will come into effect on 17 November 2003. An overview of the restrictions regime is available at http://www.defra.gov.uk/wildlife-countryside/cl/accessopen.htm. The provisional SI is available at http://www.defra.gov.uk/wildlife-countryside/cl/statutory-instruments.pdf http://www.defra.gov.uk/news/2003/031024a.htm | ||
| 590 | _aWB | ||
| 650 | _aRESTRICTIONS | ||
| 650 | _aEXEMPTIONS | ||
| 650 | _aRIGHT TO ROAM | ||
| 650 | _aNATURE CONSERVATION | ||
| 650 | _aCOUNTRYSIDE AND RIGHTS OF WAY ACT 2000 | ||
| 650 | _aCOUNTRYSIDE ACCESS | ||
| 650 | _aRIGHT OF ACCESS | ||
| 690 |
_aRural _96268 |
||
| 942 | _n0 | ||
| 999 |
_c73757 _d73757 |
||